[Event "Lugano op"]
[Site "Lugano"]
[Date "2003.10.31"]
[Round "5"]
[White "Montavon, Gerard"]
[Black "Cruceli, Salvatore"]
[Result "1-0"]
[WhiteElo "2066"]
[BlackElo "2094"]
[PlyCount "73"]
[EventDate "2003.10.31"]
[EventType "swiss"]
[EventRounds "6"]
[EventCountry "SUI"]
[SourceTitle "EXT 2007"]
[Source "ChessBase"]
[SourceDate "2006.11.23"]
[SourceVersion "1"]
[SourceVersionDate "2006.11.23"]
[SourceQuality "1"]

1. e4 e6 2. d4 d5 3. e5 c5 4. Qg4 cxd4 5. Nf3 f5 6. Qg3 Ne7 7. Bd3 Nec6 8. a3 a5 9. 0-0 Nd7 10. Ng5 Nc5 11. Nxh7 Qc7 12. f3 Rxh7 13. Qg6+ Qf7 14. Qxh7 Nxe5 15. Bb5+ Bd7 16. Bxd7+ Kxd7 17. Qh4 Nc6 18. c3 Nb3 19. Ra2 Bc5 20. Kh1 d3 21. Qe1 Nxc1 22. Qxc1 e5 23. Nd2 Be3 24. Qe1 f4 25. Ra1 Qh5 26. h3 Qf5 27. Kh2 g5 28. b3 Re8 29. c4 e4 30. cxd5 Qxd5 31. Nxe4 Rxe4 32. fxe4 Qxe4 33. Rd1 b6 34. Qe2 Ne5 35. Rxd3+ Ke7 36. Rxe3 fxe3 37. Re1 1-0

[Event "Lugano op"]
[Site "Lugano"]
[Date "2003.10.31"]
[Round "4"]
[White "Profumo, Alberto"]
[Black "Montavon, Gerard"]
[Result "0-1"]
[WhiteElo "2240"]
[BlackElo "2066"]
[PlyCount "70"]
[EventDate "2003.10.31"]
[EventType "swiss"]
[EventRounds "6"]
[EventCountry "SUI"]
[SourceTitle "EXT 2007"]
[Source "ChessBase"]
[SourceDate "2006.11.23"]
[SourceVersion "1"]
[SourceVersionDate "2006.11.23"]
[SourceQuality "1"]

1. Nf3 f5 2. d4 d6 3. c4 Nf6 4. Nc3 e6 5. Qc2 Nbd7 6. e4 fxe4 7. Ng5 Qe7 8. Ngxe4 a6 9. Bd3 b6 10. 0-0 Bb7 11. Bg5 0-0-0 12. Rae1 h6 13. Bh4 g5 14. Nxf6 Qxf6 15. Bg3 Qxd4 16. Rxe6 Nc5 17. Re3 Nxd3 18. Rxd3 Qxc4 19. Rc1 Qc6 20. f3 d5 21. Qd2 Bd6 22. Ne4 Bc5+ 23. Nxc5 bxc5 24. Qa5 c4 25. b3 g4 26. bxc4 gxf3 27. gxf3 dxc4 28. Qf5+ Kb8 29. Rxd8+ Rxd8 30. Qf4 c3 31. Rc2 Qc5+ 32. Bf2 Rg8+ 33. Kf1 Qb5+ 34. Ke1 Re8+ 35. Kd1 Qf1+ 0-1

[Event "FRA-chT2O 0203"]
[Site "France"]
[Date "2003.04.05"]
[Round "10.7"]
[White "Pucher, Olivier"]
[Black "Montavon, Gerard"]
[Result "1/2-1/2"]
[WhiteElo "2164"]
[BlackElo "2063"]
[PlyCount "137"]
[EventDate "2002.10.??"]
[EventType "team"]
[EventRounds "11"]
[EventCountry "FRA"]
[SourceTitle "EXT 2004"]
[Source "ChessBase"]
[SourceDate "2003.11.25"]
[SourceVersion "1"]
[SourceVersionDate "2003.11.25"]
[SourceQuality "1"]
[WhiteTeam "Metz Fischer II"]
[BlackTeam "Mulhouse Philidor II"]
[WhiteTeamCountry "FRA"]
[BlackTeamCountry "FRA"]

1. c4 Nf6 2. g3 e5 3. Bg2 Nc6 4. Nc3 Bc5 5. e3 d6 6. Nge2 0-0 7. 0-0 a6 8. d4 Bd7 9. a3 Qe7 10. h3 Nd8 11. Kh2 c6 12. d5 Ne8 13. b4 f5 14. f4 e4 15. Qd2 h6 16. Bb2 Nf7 17. g4 Qh4 18. gxf5 Nf6 19. Nxe4 Ng4+ 20. Kh1 Nxe3 21. Qc3 Nxf5 22. N4g3 Bd4 23. Nxd4 Nxg3+ 24. Kg1 c5 25. bxc5 dxc5 26. Nf3 Ne2+ 27. Kh1 Qg3 28. Qe1 Qxe1 29. Rfxe1 Nxf4 30. Re7 Bxh3 31. Bxh3 Nxh3 32. Kh2 Nf4 33. Rg1 Nh5 34. Kh3 Rfe8 35. Rxb7 Rab8 36. Rxb8 Rxb8 37. Ba1 g5 38. Kg4 Nf4 39. Ne5 Re8 40. Nd7 Re2 41. Rb1 Nd6 42. Be5 Nxc4 43. Bxf4 gxf4 44. Kxf4 Rf2+ 45. Kg3 Ra2 46. Nxc5 Rxa3+ 47. Kf4 a5 48. Rb7 Ra1 49. Ra7 Rf1+ 50. Kg3 Rf5 51. Ne4 Kf8 52. d6 Rd5 53. Kf3 Rd4 54. d7 Rxd7 55. Ra6 Kg7 56. Ng3 Rd3+ 57. Kf4 Rd4+ 58. Kf3 Rd5 59. Ke4 Re5+ 60. Kd4 Rg5 61. Kxc4 Rxg3 62. Rxa5 Re3 63. Kd4 Re8 64. Re5 Ra8 65. Ke3 Kf6 66. Rb5 Kg6 67. Kf2 h5 68. Kg3 Ra3+ 69. Kh4 1/2-1/2

[Event "Biel MTO op"]
[Site "Biel"]
[Date "2002.07.24"]
[Round "3"]
[White "Montavon, Gerard"]
[Black "Johansen, Kai Roger"]
[Result "1-0"]
[WhiteElo "2042"]
[BlackElo "2098"]
[PlyCount "85"]
[EventDate "2002.07.22"]
[EventType "swiss"]
[EventRounds "11"]
[EventCountry "SUI"]
[SourceTitle "EXT 2003"]
[Source "ChessBase"]
[SourceDate "2002.11.25"]
[SourceVersion "1"]
[SourceVersionDate "2002.11.25"]
[SourceQuality "1"]

1. e4 c5 2. Nc3 Nc6 3. f4 d6 4. Bc4 e6 5. Nf3 Nf6 6. d3 a6 7. a4 Be7 8. 0-0 0-0 9. Ba2 Rb8 10. h3 b5 11. axb5 axb5 12. Ne2 Ra8 13. c3 d5 14. e5 Nd7 15. Be3 c4 16. d4 f5 17. exf6 Nxf6 18. Qc2 Bd7 19. b4 Be8 20. g4 Ne4 21. Ne5 Qc7 22. Rad1 Bd7 23. Bb1 g6 24. g5 Kg7 25. Kg2 Bd8 26. Qc1 Nd6 27. Ng3 Ne7 28. h4 Nef5 29. h5 Nxg3 30. Kxg3 gxh5 31. g6 Nf5+ 32. Kh3 hxg6 33. Rg1 Be8 34. Rg2 Kh7 35. Rdg1 Rg8 36. Qe1 Bf6 37. Bc1 Qe7 38. Qe2 Bxe5 39. Bxf5 exf5 40. fxe5 Bd7 41. Bf4 Ra3 42. Qf3 Be6 43. Rxg6 1-0

[Event "Geneve op 17th"]
[Site "Geneve"]
[Date "2001.01.27"]
[Round "8"]
[White "Delanoy, Arnaud"]
[Black "Montavon, Gerard"]
[Result "1-0"]
[WhiteElo "2184"]
[BlackElo "2084"]
[PlyCount "135"]
[EventDate "2001.01.20"]
[EventType "swiss"]
[EventRounds "9"]
[EventCountry "SUI"]
[SourceTitle "EXT 2002"]
[Source "ChessBase"]
[SourceDate "2001.11.25"]
[SourceVersion "1"]
[SourceVersionDate "2001.11.25"]
[SourceQuality "1"]

1. e4 e5 2. Nc3 Nc6 3. f4 exf4 4. Nf3 g5 5. d4 Bg7 6. d5 Ne5 7. d6 c6 8. h4 Nxf3+ 9. Qxf3 h6 10. g3 Be5 11. hxg5 hxg5 12. Rxh8 Bxh8 13. gxf4 gxf4 14. Bxf4 Qh4+ 15. Bg3 Qg5 16. Bc4 Nh6 17. Bf4 Qg4 18. Qxg4 Nxg4 19. Ke2 Be5 20. Kf3 b5 21. Kxg4 Bxf4 22. Nxb5 cxb5 23. Bd5 Bxd6 24. Bxa8 Be5 25. Bd5 b4 26. Rf1 d6+ 27. Kh5 f6 28. Rg1 Bd7 29. b3 f5 30. Rg8+ Ke7 31. Rb8 f4 32. Rxb4 f3 33. Rb7 Kd8 34. Kh4 Kc8 35. Rxa7 Bd4 36. Rxd7 Kxd7 37. Kg3 f2 38. Kg2 Kc7 39. c3 Be3 40. Kf1 Kb6 41. Bc4 Bd2 42. Kxf2 Bxc3 43. Ke3 Kc5 44. Kd3 Bb2 45. Kc2 Ba3 46. Kc3 Bb4+ 47. Kb2 Kd4 48. a3 Be1 49. Bd5 Kc5 50. b4+ Kb6 51. Kb3 Bd2 52. Kc4 Bc1 53. a4 Bg5 54. Be6 Bd2 55. Bf7 Be1 56. Be8 Bd2 57. a5+ Ka7 58. Kb5 Be1 59. Ka4 Kb7 60. b5 Bd2 61. Bc6+ Ka7 62. Bd5 Be1 63. b6+ Ka6 64. Bc4+ Kb7 65. Kb5 d5 66. Bxd5+ Kc8 67. a6 Bf2 68. a7 1-0